| 000 | 01180nam a2200181Ia 4500 | ||
|---|---|---|---|
| 999 |
_c8762 _d8762 |
||
| 005 | 20230726160643.0 | ||
| 008 | 230725s9999 xx 000 0 und d | ||
| 040 |
_aUPAN _cBiblioteca San Vicente _eRCAA2 |
||
| 041 | _aspa | ||
| 082 |
_a371.27 _bB678i _c1984 |
||
| 100 |
_aLe Boterf, Guy _4aut. |
||
| 245 | 0 |
_aInvestigación participativa: _bDinámica, contexto, evaluación / _cGuy Le Borterf |
|
| 260 |
_aMéxico: _bCEDeFT, _c1984 |
||
| 300 |
_a128 p.; _c21 cm. |
||
| 505 | _aEs una "investigación clásica", la población encuestada esta considerada como "pasiva" como un "deposito de informaciones", incapaz de estudiar su propia situación y de buscar soluciones a sus problemas. En este caso, la investigación es únicamente un asunto de los especialistas (sociólogos, economistas, tecnólogos, etc.) los únicos que estarían en condiciones de formular los problemas de la población en en estudio y proponer las soluciones correspondientes. Los resultados de la investigación son para uso exclusivo de los investigadores y los decisores, y la población encuestada no tiene que conocerlos ni cuestionarlos | ||
| 650 |
_2LEMB _xInvestigación _93 |
||
| 942 |
_cBK _2ddc |
||